Spell the Marvel Character #369 - Statistics

General Stats
  • This quiz has been taken 14 times
  • The average score is 6 of 8
Answer Stats
Picture Answer % Correct
Nightcrawler
100%
Yondu
93%
Okoye
79%
Moon-Boy
71%
Omega
71%
Blink
64%
Old Lace
64%
Machine Man
43%
No matching quizzes found
Score Distribution
Percent of People with Each Score
Percentile by Number Answered
Your Score History
You have not taken this quiz